000 00411nam a22001457a 4500
005 20240306150445.0
008 240306b ||||| |||| 00| 0 eng d
040 _cAL
041 _aeng
082 _223
_a663.93
_bCONS
245 _aConsumer Behaviour Towards Filter Coffee:
_bA Case of Royal Coffee Works
260 _aMangalore
_bSt Aloysius College
_c1997
700 _aJACOB (J)
_9153267
942 _2ddc
_cPRO
999 _c230109
_d230109